Breve historia de los argentinos /

Guardado en:
Autor Principal: Luna, Felix
Formato: Libro
Publicado: Buenos Aires : Planeta, 2003
Edición:18a. ed.
Series:Historia y sociedad
Materias:
Etiquetas: Agregar Etiqueta
Sin Etiquetas, Sea el primero en etiquetar este registro!
LEADER 00565nam a22002055a 4500
001 CEM.cems011360
005 20060214000000.0
008 130507s2003##################000#0#####d
003 CEMS
082 0 4 |a 982 
100 1 |a Luna, Felix 
245 1 0 |a Breve historia de los argentinos / 
250 |a 18a. ed. 
260 |a Buenos Aires :  |b Planeta,  |c 2003 
300 |a 307 p. 
490 0 |a Historia y sociedad 
653 |a Historia 
653 |a Historia argentina 
653 |a Historia argentina 1516-2000 
859 |a CEMS  |b BIB. CEMS - 11 de abril  |h 982  |i L971-2A18  |p 22297.03  |t Ej.1